Environmental law (Record no. 287610)

MARC details
000 -LEADER
fixed length control field 00480nam a2200205Ia 4500
003 - CONTROL NUMBER IDENTIFIER
control field OSt
005 - DATE AND TIME OF LATEST TRANSACTION
control field 20240923112543.0
008 - FIXED-LENGTH DATA ELEMENTS--GENERAL INFORMATION
fixed length control field 240126s9999 xx 000 0 und d
020 ## - INTERNATIONAL STANDARD BOOK NUMBER
International Standard Book Number 9789387487499
040 ## - CATALOGING SOURCE
Transcribing agency 0
041 ## - LANGUAGE CODE
Language code of text/sound track or separate title English
082 ## - DEWEY DECIMAL CLASSIFICATION NUMBER
Classification number 344.046 SHA;1 R
100 ## - MAIN ENTRY--PERSONAL NAME
Personal name Shastri, Satish C. Dave, V S.
245 #0 - TITLE STATEMENT
Title Environmental law
250 ## - EDITION STATEMENT
Edition statement 6th ed.
260 ## - PUBLICATION, DISTRIBUTION, ETC.
Name of publisher, distributor, etc. Eastern Book Company
Place of publication, distribution, etc. Lucknow
300 ## - PHYSICAL DESCRIPTION
Extent lv, 613
440 ## - SERIES STATEMENT/ADDED ENTRY--TITLE
Title NULL
942 ## - ADDED ENTRY ELEMENTS (KOHA)
Koha item type Law Books
Source of classification or shelving scheme Dewey Decimal Classification
Holdings
Date last seen Total checkouts Full call number Accession number Date due Volume/Issue Number Date last checked out Cost, total (INR) price Price effective from Category Lost status Source of classification or shelving scheme Damaged status Department Withdrawn status Home library Current library Shelving location Entry date Vendor Cost, normal purchase price Grants Billnumber Currency symbol Conversion rate Discount Total renewals
11/04/2025 4 344.046 SHA;1 R LL1130 25/04/2025 (10/07/1905) 11/04/2025 470.05 26/01/2024 Law Books   Dewey Decimal Classification   LAW   Law Library Law Library   30/05/2019 MPP House 595.00 Law 214 RS 1 21  
14/05/2026 9 344.046 SHA;2 R1 LL1131   (10/07/1905) 07/01/2026 470.05 26/01/2024 Law Books   Dewey Decimal Classification   LAW   Law Library Law Library   30/05/2019 MPP House 595.00 Law 214 RS 1 21 9
14/05/2026 12 344.046 SHA;11 LL2042   (10/07/1905) 24/04/2026 468.75 26/01/2024 Law Books   Dewey Decimal Classification   LAW   Law Library Law Library   04/03/2021 Surya Book Supplier 625.00 Law 504 RS 1 25 2
11/04/2025 4 344.046 SHA;12 LL2043 25/04/2025 (10/07/1905) 11/04/2025 468.75 26/01/2024 Law Books   Dewey Decimal Classification   LAW   Law Library Law Library   04/03/2021 Surya Book Supplier 625.00 Law 504 RS 1 25  

© For any Suggestions or Query, please contact the library staff @ librarian@pes.edu or Phone: +9180 2672 1983/ 2108.